Programa de conocimientos de metalurgia y siderurgia : curso 1945 - 46 / redactado por el profesor D. Ildefonso Cantó Sala curso 1945 - 46 / redactado por el profesor D. Ildefonso Cantó Sala

per Cantó Sala, Ildefonso

Descripció física: 20 p. ; 17 cm

MARC

LEADER 00000nam a2200000Ia 4500
001 17530
008 160829s1945 xx 000 0 cat d
080 |a FU-1-9 
100 |a Cantó Sala, Ildefonso  |9 30422 
245 |a Programa de conocimientos de metalurgia y siderurgia :  |b  curso 1945 - 46 / redactado por el profesor D. Ildefonso Cantó Sala 
260 |a Barcelona :  |b Imprenta - Escuela Casa Provincial de Caridad,  |c 1945 
300 |a 20 p. ;  |c 17 cm 
650 |a Metal·lúrgia  |x Ensenyament  |x Programes de curs  |9 30423 
710 2 |a Escola de Pèrits Industrials de Barcelona  |9 55106 
856 4 |u https://media.diba.cat/diba/fitxers/arxiu/fulletons/bib_17530_baixa.pdf  |y Accés lliure 
856 4 |u https://media.diba.cat/diba/fitxers/arxiu/fulletons/bib_17530_baixa.pdf  |y Accés lliure 
901 |a Arxiu 
942 |n 1  |2 udc 
952 |0 0  |1 0  |4 0  |6 FU19  |7 1  |9 45414  |a Arxiu  |b Arxiu  |d 2016-12-01  |l 0  |o FU-1-9  |p 17530  |r 2016-12-01 00:00:00  |w 2016-12-01  |y ARXIU 
999 |c 48521  |d 48521 
900 |a bib_17530_baixa.pdf